Score 0/14 Timer 03:00
7 Plays Today
% Correct
Michael
99.1%
Pam
98.8%
Jim
96.5%
Dwight
96.5%
Angela
92.6%
Oscar
91.3%
Kevin
91.2%
% Correct
Andy
85.2%
Stanley
84.2%
Phyllis
82.5%
Meredith
81.8%
Toby
80.6%
Creed
80%
Kelly
77.6%

You're not logged in!

Compare scores with friends on all Sporcle quizzes.
OR
Log In

Sporcle TV

Today on Sporcle TV


Watch our educational content, quiz creation guides, and fun videos on Sporcle TV.

Show Comments

Extras

Top Quizzes Today


Score Distribution

Your Account Isn't Verified!

In order to create a playlist on Sporcle, you need to verify the email address you used during registration. Go to your Sporcle Settings to finish the process.

Report this User

Report this user for behavior that violates our Community Guidelines.

Details: